Bosques y comunidades: investigación que marca la diferencia

Uloženo v:
Podrobná bibliografie
Hlavní autor: Pye-Smith, Charlie (Autor)
Médium: Kniha
Jazyk:španělština
Vydáno: Bogor CIFOR 2004
Vydání:1a. ed
Témata:
Tagy: Přidat tag
Žádné tagy, Buďte první, kdo vytvoří štítek k tomuto záznamu!

MARC

LEADER 00000nam a2200000 a 4500
001 UCK2258
003 CL-VaPUC
008 041229e20040000io |||||||||||||||||spa|d
082 0 4 |a 333.75  |b PYE  |2 21 
100 0 |a Pye-Smith, Charlie  |e author  |9 490065 
245 1 0 |a Bosques y comunidades: investigación que marca la diferencia 
250 |a 1a. ed 
300 |a 90 p 
942 |c BK 
945 |d 20041229 00:00:00  |a vberengu 
260 |a Bogor  |b CIFOR  |c 2004 
650 0 |a Bosques  |9 269804 
650 0 |a Recursos naturales  |9 255232 
650 0 |a Medio ambiente  |9 257625 
650 0 |a Política ambiental  |9 262970 
583 |a last modification  |c 20130822 02:47:28  |k Rodrigo Vera 
999 |c 311847  |d 311845 
952 |0 0  |1 0  |4 0  |6 333_750000000000000_PYE_2004  |7 0  |8 A  |9 381522  |a BIBAGR  |b BIBAGR  |d 2019-11-21  |i 4082796  |o 333.75 PYE 2004  |p 4082796  |r 2025-01-20  |w 2019-11-21  |y BK  |k AGR